000 00333nam a2200145Ia 4500
100 _aGayakwad/Ramakant A
250 _a3
942 _cBK
654 _aElectronics
245 _aOP-Amps & Linear Intregrated Circuits
260 _bPrentice Hall of India
_aNew Delhi
_c1993
300 _a640
546 _aENGLISH
999 _c20712
_d20712